Bilecik Bilecik Bilecik Bilecik Bilecik

Atatürkçü ve toplumcu örnek bir din adamı : (Record no. 58706)

MARC details
000 -BAŞLIK
Sabit Uzunluktaki Kontrol Alanı 00868nam a22002897a 4500
001 - KONTROL NUMARASI
Control Dosyası 0058902
003 - KONTROL NUMARASI KİMLİĞİ
Kontrol Alanı KOHA_MİRAKIL
005 - EN SON İŞLEM TARİHİ ve ZAMANI
Kontrol Alanı 20260207004210.0
007 - FİZİKSEL TANIM SABİT ALAN - GENEL BİLGİ
Sabit uzunluklu kontrol alanı ta
008 - SABİT UZUNLUKTAKİ VERİ ÖGELERİ - GENEL BİLGİ
Sabit Alan 160721b1974 tu a|||gr||||#||||0|tur |
040 ## - KATALOGLAMA KAYNAĞI
Özgün Kataloglama Kurumu TR-BiSEU
Kataloglama Dili tur
Çeviri Kurumu TR-BiSEU
Açıklama Kuralları rda
041 0# - DİL KODU
Metin ya da ses kaydının dil kodu tur
044 ## - YAYINLAYAN/ÜRETEN KURULUŞUN ÜLKE KODU
ISO country code tu
050 ## - SINIFLAMA ve YER NUMARASI
Sınıflama Numarası BP80
Yer Numarası .B67 1974
100 1# - KİŞİ ADI
Yazar Adı (Kişi adı) Borak, Sadi.
245 1# - ESER ADI BİLDİRİMİ
Başlık Atatürkçü ve toplumcu örnek bir din adamı :
Alt Eseradı vb. Hacı Süleyman Efendi/
Sorumluluk Bildirimi Sadi Borak ; Sadi Borak.
250 ## - BASIM BİLDİRİMİ
Basım Bildirimi 2. baskı
264 #1 - ÜRERİM, YAYIN, DAĞITIM ve TELİF BİLDİRİMİ
Yayın yeri İstanbul :
Yayınlayan İtimat Basımevi
Yayın tarihi 1974
300 ## - FİZİKSEL TANIMLAMA
Sayfa, Cilt vb. 163 sayfa :
Diğer fiziki detaylar portre ;
Boyutları 19 cm.
336 ## - İÇERİK TÜRÜ
Content type term metin
Content type code txt
Source rdacontent
337 ## - MEDYA TÜRÜ
Media type term aracısız
Media type code n
Source rdamedia
338 ## - TAŞIYICI TÜRÜ
Carrier type term cilt
Carrier type code nc
Source rdacarrier
500 ## - GENEL NOT
Genel Not Kaynakça var.
500 ## - GENEL NOT
Genel Not Gift of Tarık Zafer Tunaya.
650 #0 - KONU BAŞLIĞI EK GİRİŞ - KONU TERİMİ
Konusal terim veya coğrafi ad Süleyman Efendi, Hacı, 1855-1923.
9 (RLIN) 108992
942 ## - EK GİRİŞ ÖGELERİ (KOHA)
Source of classification or shelving scheme Library of Congress Classification
Koha item type Book
Holdings
Materyal Türü Kalıcı Konum Mevcut Konum Raf Yeri Sınıflandırma Kaynağı Edinim Bilgisi Ana Konular Alt Konular Yer Numarası Demirbaş Numarası Fatura Tarihi Geri Çekilme Durumu Kayıp Durumu Hasarlı Durumu Kredi için değil Kayıt Tarih Toplam Ödünçverme Son Görülme Tarihi Son Kontrol Tarihi Genel / Bağış Notu
Book Prof. Dr. Azmi Özcan Kütüphanesi Prof. Dr. Azmi Özcan Kütüphanesi Uluğbey Salonu Library of Congress Classification Bağış FELSEFE, PSİKOLOJİ, DİN İslam, Bahailik, Teozofi vb. BP80 .B67 1974 0058902 02/02/2026         21/07/2016   05/12/2024 05/12/2024 Genel Bağış